Евгений Анатольевич Памфилов (Запись № 122746)

Подробности
000 -МАРКЕР
контрольное поле 02074nam0a2200421 4500
001 - ИДЕНТИФИКАТОР ЗАПИСИ
контрольное поле RU\NLR\bibl\1526718
005 - ИДЕНТИФИКАТОР ВЕРСИИ
контрольное поле 20260406210350.0
010 ## - МЕЖДУНАРОДНЫЙ СТАНДАРТНЫЙ НОМЕР КНИГИ (ISBN)
Номер (ISBN) 978-5-98573-055-5
Тираж 200
021 ## - НОМЕР ГОСУДАРСТВЕННОЙ РЕГИСТРАЦИИ
Код страны Российская Федерация
Номер 2010-38307
Номер Листа государственной регистраци 2563
035 ## - ДРУГИЕ СИСТЕМНЫЕ НОМЕРА
Идентификатор записи (nilc)RSL-KNO-004649336
035 ## - ДРУГИЕ СИСТЕМНЫЕ НОМЕРА
Идентификатор записи LIBNET\0000009050
035 ## - ДРУГИЕ СИСТЕМНЫЕ НОМЕРА
Идентификатор записи (NLR Aleph) 001518063
100 ## - ДАННЫЕ ОБЩЕЙ ОБРАБОТКИ
Данные общей обработки 20100524d2009 |||y0rusy50 ca
101 0# - ЯЗЫК РЕСУРСА
Язык текста, звукозаписи и т.д. русский
102 ## - СТРАНА ПУБЛИКАЦИИ ИЛИ ПРОИЗВОДСТВА
Страна публикации Российская Федерация
105 ## - ПОЛЕ КОДИРОВАННЫХ ДАННЫХ: ТЕКСТОВЫЕ МАТЕРИАЛЫ, МОНОГРАФИЧЕСКИЕ
Кодированные данные о монографическом текстовом документе a |||||||||
200 1# - ЗАГЛАВИЕ И СВЕДЕНИЯ ОБ ОТВЕТСТВЕННОСТИ
Основное заглавие Евгений Анатольевич Памфилов
Сведения, относящиеся к заглавию творческий образ инженера, ученого и общественного деятеля
Первые сведения об ответственности Брянская гос. инженерно-технологическая академия
Последующие сведения об ответственности [сост.: Е. С. Александрова, Г. А. Пилюшина]
210 ## - ПУБЛИКАЦИЯ, РАСПРОСТРАНЕНИЕ И ДР.
Место издания, распространения и т.д. Брянск
Имя издателя, распространителя и т. д. Брянская гос. инженерно-технологическая академия
Дата издания, распространения и т.д. 2009
215 ## - ФИЗИЧЕСКАЯ ХАРАКТЕРИСТИКА
Специфическое обозначение материала и объем 60 с.
Другие сведения о физической характеристике ил., портр., цв. ил., портр.
Размеры 20
225 1# - СЕРИЯ
Основное заглавие серии Ученые академии
320 ## - ПРИМЕЧАНИЯ О НАЛИЧИИ В ДОКУМЕНТЕ БИБЛИОГРАФИИ / УКАЗАТЕЛЯ
Текст примечания Библиогр.: с. 24-51
600 #1 - ИМЯ ЛИЦА КАК ПРЕДМЕТ
Начальный элемент ввода Памфилов
Часть имени, кроме начального элемента ввода Е.А.
Даты 1941
Расширение инициалов личного имени Евгений Анатольевич
Системный номер авторитетной/нормативной записи 2625973
Идентификатор авторитетной/нормативной записи RU\NLR\auth\661562533
686 ## - ИНДЕКСЫ ДРУГИХ КЛАССИФИКАЦИЙ
Индекс К1д(2)Памфилов Е.А.,0
Код системы
686 ## - ИНДЕКСЫ ДРУГИХ КЛАССИФИКАЦИЙ
Индекс М130.5-5д(2)Памфилов Е.А.,0
Код системы
686 ## - ИНДЕКСЫ ДРУГИХ КЛАССИФИКАЦИЙ
Индекс 91.9:34.4
Издание LBC/RL
Код системы
686 ## - ИНДЕКСЫ ДРУГИХ КЛАССИФИКАЦИЙ
Индекс 34.4я1
Издание LBC/RL
Код системы
686 ## - ИНДЕКСЫ ДРУГИХ КЛАССИФИКАЦИЙ
Индекс К5д(2)Памфилов
702 #1 - ИМЯ ЛИЦА - ВТОРИЧНАЯ ОТВЕТСТВЕННОСТЬ
Начальный элемент ввода Памфилов
Часть имени, кроме начального элемента ввода Е. А.
Расширение инициалов личного имени Евгений Анатольевич
Код отношения Прочие
702 #1 - ИМЯ ЛИЦА - ВТОРИЧНАЯ ОТВЕТСТВЕННОСТЬ
Код отношения Составитель
Материалы, к которым относится поле rus
Графика поля Кириллица
Начальный элемент ввода Александрова
Часть имени, кроме начального элемента ввода Е. С.
Дополнения к именам, кроме дат составитель биогр. очерка
Идентификатор авторитетной/нормативной записи RU\NLR\AUTH\77103618
Системный номер авторитетной/нормативной записи 86543
712 02 - НАИМЕНОВАНИЕ ОРГАНИЗАЦИИ - ВТОРИЧНАЯ ОТВЕТСТВЕННОСТЬ
Код отношения Прочие
Начальный элемент ввода Брянская государственная инженерно-технологическая академия
Идентификатор авторитетной/нормативной записи RU\NLR\AUTH\889967196
Системный номер авторитетной/нормативной записи 430728
801 #0 - ИСТОЧНИК ЗАПИСИ
Страна Российская Федерация
Организация РГБ
Дата составления 20100524
Правила каталогизации rcr
801 #1 - ИСТОЧНИК ЗАПИСИ
Страна Российская Федерация
Организация РГБ
Дата составления 20100524
801 #2 - ИСТОЧНИК ЗАПИСИ
Страна Российская Федерация
Организация Брянская ОНУБ
Дата составления 20100216
Источник данных rusmarc
801 #2 - ИСТОЧНИК ЗАПИСИ
Страна Российская Федерация
Организация NLR
Дата составления 20100623
Правила каталогизации rcr
942 ## - ДОПОЛНИТЕЛЬНЫЕ ЭЛЕМЕНТЫ ЗАПИСИ (АБИС)
Тип экземпляра АБИС Книга
980 ## - КОЛЛЕКЦИЯ
Название коллекции Национальная библиография
Экземпляры
Тип экземпляра Дата поступления Источник поступления Библиотека постоянного хранения Библиотека текущего хранения Место хранения Шифр хранения Штрих-код Статус экземпляра
Книга 23.06.2010 Обязательный экземпляр РНБ (Московский) РНБ (Московский) Центральная справочная библиотека С 2010-1/193 1-1673142  
Книга 23.06.2010 Обязательный экземпляр РНБ (Московский) РНБ (Московский) Центральная справочная библиотека С 2010-1/193 1-1673143